Pracovná zmluva a pracovná náplň

Pracovný pomer sa podľa ZP zakladá písomnou pracovnou zmluvou uzatvorenou medzi zamestnancom a zamestnávateľom, ktorá musí mať určité náležitosti a konkrétnu pracovnú náplň. Nevyhnutné obsahové zložky pracovnej zmluvy. Skúšobná doba, výpoveď, výmera dovolenky. Pracovný pomer na určitú dobu, dôvody n...

Full description

Saved in:
Bibliographic Details
Main Author: Slaninková, Katarína
Format: Book Chapter
Language:Slovak
Subjects:
Tags: Add Tag
No Tags, Be the first to tag this record!

MARC

LEADER 00000naa$a2200000$$$4500
001 0086600
005 20231120110332.7
041 0 |a slo 
044 |a SK 
245 1 0 |a Pracovná zmluva a pracovná náplň  |c Katarína Slaninková 
520 |a Pracovný pomer sa podľa ZP zakladá písomnou pracovnou zmluvou uzatvorenou medzi zamestnancom a zamestnávateľom, ktorá musí mať určité náležitosti a konkrétnu pracovnú náplň. Nevyhnutné obsahové zložky pracovnej zmluvy. Skúšobná doba, výpoveď, výmera dovolenky. Pracovný pomer na určitú dobu, dôvody na predĺženie. Vzorový formulár zostavenej pracovnej zmluvy. 
610 2 0 |a právo pracovné 
610 2 0 |a zmluvy pracovné 
610 2 0 |a náplň pracovná 
100 1 |a Slaninková, Katarína